Claire Judde De Larivière, Naviguer, commercer, gouverner. Économie maritime et pouvoirs à Venise (XVe-XVIe siècles), Brill, Leiden-Boston, 2008, 362 p., ISBN 978-90-04-17072-8 (notice n° 1783173)
[ vue normale ]
| 000 -LEADER | |
|---|---|
| fixed length control field | 00648cam a2200145 4500500 |
| 005 - DATE AND TIME OF LATEST TRANSACTION | |
| control field | 20260322013734.0 |
| 041 ## - LANGUAGE CODE | |
| Language code of text/sound track or separate title | fre |
| 042 ## - AUTHENTICATION CODE | |
| Authentication code | dc |
| 100 10 - MAIN ENTRY--PERSONAL NAME | |
| Personal name | Brogini, Anne |
| Relator term | author |
| 245 00 - TITLE STATEMENT | |
| Title | Claire Judde De Larivière, Naviguer, commercer, gouverner. Économie maritime et pouvoirs à Venise (XVe-XVIe siècles), Brill, Leiden-Boston, 2008, 362 p., ISBN 978-90-04-17072-8 |
| 260 ## - PUBLICATION, DISTRIBUTION, ETC. | |
| Date of publication, distribution, etc. | 2013.<br/> |
| 500 ## - GENERAL NOTE | |
| General note | 8 |
| 786 0# - DATA SOURCE ENTRY | |
| Note | Revue d’histoire moderne & contemporaine | 60-1 | 1 | 2013-04-01 | p. 198-199 | 0048-8003 |
| 856 41 - ELECTRONIC LOCATION AND ACCESS | |
| Uniform Resource Identifier | <a href="https://shs.cairn.info/revue-d-histoire-moderne-et-contemporaine-2013-1-page-198?lang=fr&redirect-ssocas=7080">https://shs.cairn.info/revue-d-histoire-moderne-et-contemporaine-2013-1-page-198?lang=fr&redirect-ssocas=7080</a> |
Pas d'exemplaire disponible.




Réseaux sociaux